Greening the counterinsurgency: the deceptive effects of Guatemala's rural development plan of 1970 /
Gorde:
| Egile nagusia: | |
|---|---|
| Formatua: | Texto |
| Etiketak: |
Etiketa erantsi
Etiketarik gabe, Izan zaitez lehena erregistro honi etiketa jartzen!
|
MARC
| LEADER | 00000 a a2200000 04500 | ||
|---|---|---|---|
| 001 | 44819 | ||
| 003 | |||
| 040 | |a ## | ||
| 100 | |a Copeland, Nicholas | ||
| 245 | |a Greening the counterinsurgency: |b the deceptive effects of Guatemala's rural development plan of 1970 / |c Nicholas Copeland | ||
| 500 | |a ncopel@vt.edu | ||
| 773 | |g volumen43, número4 (2012), páginas 975-998 | ||
| 999 | |c 24841 |d 24841 | ||
